Indian independence act (Record no. 487436)

000 -LEADER
fixed length control field 00255cam a22000977a 4500
008 - FIXED-LENGTH DATA ELEMENTS--GENERAL INFORMATION
fixed length control field 180718b1947 xxu||||| |||| 00| 0 eng d
082 ## - DEWEY DECIMAL CLASSIFICATION NUMBER
Classification number A42x54 A/IN
245 ## - TITLE STATEMENT
Title Indian independence act
260 ## - PUBLICATION, DISTRIBUTION, ETC.
Place of publication, distribution, etc. Delhi
Name of publisher, distributor, etc. The Manager of Publications
Date of publication, distribution, etc. 1947
300 ## - PHYSICAL DESCRIPTION
Extent 15p.
Holdings
Withdrawn status Lost status Damaged status Not for loan Permanent Location Current Location Date acquired Full call number Barcode Date last seen Price effective from Koha item type
        Indian Institute of Public Administration Indian Institute of Public Administration 2018-08-04 A42x54 A/IN GG33728 2018-08-04 2018-08-04 GG

Powered by Koha